|
|
|
|
| LEADER |
01096nam a22002532a 4500 |
| 001 |
001913457 |
| 003 |
CZ BrMZK |
| 005 |
20241029065149.0 |
| 007 |
ta |
| 008 |
241029s1974 xr a er|||||||||||cze d |
| 040 |
|
|
|a OSE306
|b cze
|
| 072 |
|
7 |
|a 76
|x Grafické umění. Grafika
|2 Konspekt
|9 21
|
| 100 |
1 |
|
|a Houf, Václav,
|d 1949-
|7 ola200201153
|4 aut
|
| 245 |
1 |
0 |
|a Václav Houf :
|b kresby a grafika : Galerie mladých, Městské kulturní středisko S.K. Neumanna, Brno, 10.5. - 31.5.1974 /
|c [text Jiří Valoch]
|
| 260 |
|
|
|a Brno :
|b Městské kulturní středisko S.K. Neumanna,
|c 1974
|
| 300 |
|
|
|a [12] s. :
|b il.
|
| 500 |
|
|
|a Životopisné údaje, přehled výstav, ocenění
|
| 653 |
0 |
|
|a Česko
|a grafici
|a grafiky
|a Houf, Václav, 30.3.1949-
|a užitá grafika
|a kresby
|a moderní umění
|a 20.- 21. století
|a katalogy výstav
|
| 655 |
|
7 |
|a katalogy výstav
|7 fd132536
|2 czenas
|
| 700 |
1 |
|
|a Valoch, Jiří,
|d 1946-
|7 jn19992010336
|4 aut
|
| 910 |
|
|
|a BOA001
|b X-1533.649
|
| 990 |
|
|
|a BK
|
| 991 |
|
|
|b 202410
|
| 996 |
6 |
|
|b 2610983778
|c X-1533.649
|l MZK
|r Sklad / do 24 hodin
|n 0
|p dar
|w 001982493
|u 000010
|a 1
|e BOA001
|j MZK50
|s P
|